[Event "Zhukovsky op"]
[Site "Zhukovsky"]
[Date "2012.04.??"]
[Round "6"]
[White "Kostrov, Sergey"]
[Black "Lazarenko, Viktor"]
[Result "0-1"]
[WhiteElo "1606"]
[BlackElo "2035"]
[PlyCount "42"]
[EventDate "2012.04.??"]
[EventType "swiss"]
[EventRounds "9"]
[EventCountry "RUS"]
[SourceTitle "EXT 2014"]
[Source "ChessBase"]
[SourceDate "2013.11.20"]
[SourceVersion "1"]
[SourceVersionDate "2013.11.20"]
[SourceQuality "1"]

1. e4 e5 2. Bc4 Nf6 3. d4 exd4 4. Nf3 d5 5. exd5 Bb4+ 6. c3 Qe7+ 7. Kf1 dxc3 8. Nxc3 0-0 9. Bg5 h6 10. Bh4 Bf5 11. d6 Qxd6 12. Qxd6 Bxd6 13. Bxf6 gxf6 14. Nd4 Bd7 15. Rd1 Rd8 16. Ndb5 Be5 17. Ne4 Na6 18. Nbc3 f5 19. Bxa6 bxa6 20. Nd2 Bxc3 21. bxc3 Ba4 0-1

[Event "Zhukovsky op"]
[Site "Zhukovsky"]
[Date "2012.04.??"]
[Round "5"]
[White "Lazarenko, Viktor"]
[Black "Ershov, Aleksey"]
[Result "1/2-1/2"]
[WhiteElo "2035"]
[BlackElo "1847"]
[PlyCount "103"]
[EventDate "2012.04.??"]
[EventType "swiss"]
[EventRounds "9"]
[EventCountry "RUS"]
[SourceTitle "EXT 2014"]
[Source "ChessBase"]
[SourceDate "2013.11.20"]
[SourceVersion "1"]
[SourceVersionDate "2013.11.20"]
[SourceQuality "1"]

1. e4 d6 2. d4 Nf6 3. Nc3 Nbd7 4. g3 e5 5. Nge2 Be7 6. Bg2 c6 7. 0-0 0-0 8. h3 Re8 9. Be3 Qc7 10. g4 b5 11. Ng3 a5 12. g5 Nxe4 13. Ncxe4 d5 14. Nc3 exd4 15. Qxd4 Bc5 16. Qf4 Bd6 17. Qh4 Bxg3 18. fxg3 Rxe3 19. Kh2 Bb7 20. Rae1 Rae8 21. Rxe3 Rxe3 22. Qg4 Nf8 23. Nd1 Bc8 24. Qf4 Qxf4 25. Rxf4 Re2 26. Rf2 Rxf2 27. Nxf2 Ne6 28. h4 Kf8 29. Nd3 f6 30. gxf6 gxf6 31. Bh3 Ke7 32. Bf5 h6 33. c3 Kd6 34. Nf2 Ke5 35. Bg6 f5 36. Nd3+ Kf6 37. Be8 Bb7 38. Bd7 Ba8 39. Kh3 Nf8 40. Bc8 Ng6 41. Nc5 Nf8 42. g4 fxg4+ 43. Kxg4 b4 44. h5 Ke5 45. a4 Nh7 46. Nd3+ Kf6 47. Nc5 Ke7 48. Kf5 Nf8 49. Nb3 c5 50. Nxc5 Bc6 51. Bb7 Be8 52. Ke5 1/2-1/2

[Event "Zhukovsky op 05"]
[Site "Zhukovsky"]
[Date "2011.??.??"]
[Round "7"]
[White "Lazarenko, Viktor"]
[Black "Mozgalov, Viktor"]
[Result "0-1"]
[WhiteElo "2123"]
[BlackElo "1959"]
[PlyCount "52"]
[EventDate "2011.05.15"]
[EventType "swiss"]
[EventRounds "9"]
[EventCountry "RUS"]
[SourceTitle "EXT 2012"]
[Source "ChessBase"]
[SourceDate "2011.11.24"]
[SourceVersion "1"]
[SourceVersionDate "2011.11.24"]
[SourceQuality "1"]

1. e4 c5 2. Nf3 e6 3. d4 cxd4 4. Nxd4 Nf6 5. Nc3 d6 6. Be3 Be7 7. Be2 a6 8. 0-0 Qc7 9. Qd2 0-0 10. f4 b5 11. a3 Bb7 12. Bf3 Nbd7 13. Nb3 Bc6 14. Qf2 Rab8 15. g4 b4 16. axb4 Rxb4 17. Qg2 d5 18. e5 Ne4 19. Bxe4 dxe4 20. Rxa6 Nb6 21. Bxb6 Rxb6 22. Rxb6 Qxb6+ 23. Qf2 e3 24. Qe2 Bh4 25. h3 Bb7 26. Nc1 Qc6 0-1

[Event "Zhukovsky op 05"]
[Site "Zhukovsky"]
[Date "2011.??.??"]
[Round "6"]
[White "Sidorov, Evgeniy"]
[Black "Lazarenko, Viktor"]
[Result "0-1"]
[WhiteElo "1930"]
[BlackElo "2123"]
[PlyCount "68"]
[EventDate "2011.05.15"]
[EventType "swiss"]
[EventRounds "9"]
[EventCountry "RUS"]
[SourceTitle "EXT 2012"]
[Source "ChessBase"]
[SourceDate "2011.11.24"]
[SourceVersion "1"]
[SourceVersionDate "2011.11.24"]
[SourceQuality "1"]

1. d4 d5 2. Nf3 Nf6 3. e3 e6 4. Bd3 c5 5. b3 Nc6 6. Bb2 Be7 7. Nbd2 0-0 8. a3 a6 9. Ne5 Nxe5 10. dxe5 Ne8 11. Qh5 g6 12. Qe2 Ng7 13. g4 b5 14. c4 bxc4 15. bxc4 Rb8 16. Nf3 Qa5+ 17. Kf1 Bb7 18. Qc2 dxc4 19. Be2 Qb6 20. Bc3 Qb3 21. Qc1 Qa4 22. Rg1 Be4 23. Ne1 Rfd8 24. Bd1 Qc6 25. Ba5 Rd7 26. Qxc4 Bd5 27. Qa4 Qb5+ 28. Qxb5 axb5 29. Bf3 b4 30. axb4 cxb4 31. Rc1 Ra7 32. Rc7 Rxa5 33. Rxe7 b3 34. Bxd5 Rxd5 0-1

[Event "Zhukovsky-chA"]
[Site "Zhukovsky"]
[Date "2010.04.01"]
[Round "9"]
[White "Lazarenko, Viktor"]
[Black "Vdovin, Dmitry"]
[Result "0-1"]
[WhiteElo "2091"]
[BlackElo "2302"]
[PlyCount "64"]
[EventDate "2010.04.01"]
[EventType "swiss"]
[EventRounds "9"]
[EventCountry "RUS"]
[SourceTitle "EXT 2022"]
[Source "ChessBase"]
[SourceDate "2021.10.06"]
[SourceVersion "1"]
[SourceVersionDate "2021.10.06"]
[SourceQuality "1"]

1. e4 e5 2. Nc3 Nf6 3. Bc4 Nxe4 4. Qh5 Nd6 5. Bb3 Nc6 6. Nf3 g6 7. Qg4 h5 8. Qh3 e4 9. Ng1 Nd4 10. Qe3 Bg7 11. Nxe4 0-0 12. Nxd6 cxd6 13. Kd1 Re8 14. Qd3 Qg5 15. Qf1 b6 16. d3 Qf5 17. c3 Nxb3 18. axb3 Bb7 19. f3 d5 20. Nh3 d4 21. c4 d5 22. Bd2 dxc4 23. bxc4 a5 24. Nf2 a4 25. Ne4 Qe6 26. Qf2 Bxe4 27. fxe4 b5 28. cxb5 Qb3+ 29. Ke2 Qxb5 30. Qf3 Ra6 31. g4 hxg4 32. Qxg4 f5 0-1

[Event "Zhukovsky op"]
[Site "Zhukovsky"]
[Date "2010.??.??"]
[Round "1"]
[White "Lazarenko, Viktor"]
[Black "Chumurin, Aleksandr"]
[Result "0-1"]
[WhiteElo "2091"]
[BlackElo "1894"]
[PlyCount "82"]
[EventDate "2010.05.14"]
[EventType "swiss"]
[EventRounds "9"]
[EventCountry "RUS"]
[SourceTitle "EXT 2011"]
[Source "ChessBase"]
[SourceDate "2010.11.26"]
[SourceVersion "1"]
[SourceVersionDate "2010.11.26"]
[SourceQuality "1"]

1. e4 d6 2. d4 Nf6 3. Nc3 g6 4. g3 Bg7 5. Bg2 e5 6. dxe5 dxe5 7. Qxd8+ Kxd8 8. Bg5 h6 9. Be3 Be6 10. h3 Nbd7 11. 0-0-0 c6 12. Nge2 Ne8 13. f4 f6 14. Rd2 Kc7 15. Rhd1 Nb6 16. b3 Bf8 17. g4 Bd6 18. f5 Bf7 19. fxg6 Bxg6 20. Ng3 Ba3+ 21. Kb1 Nd6 22. Nf5 Bxf5 23. exf5 Bb4 24. Kb2 Rad8 25. a3 Ba5 26. Rd3 Bxc3+ 27. Kxc3 e4 28. Bxb6+ axb6 29. R3d2 e3 30. Rd3 Nb5+ 31. Kb2 Rxd3 32. Rxd3 Re8 33. Rd1 Rd8 34. Re1 Rd2 35. Be4 e2 36. Bd3 Nd4 37. Kc1 Nxb3+ 38. cxb3 Rxd3 39. Kc2 Re3 40. Kd2 Rxb3 41. Rxe2 Rb2+ 0-1

[Event "Zhukovsky op"]
[Site "Zhukovsky"]
[Date "2010.??.??"]
[Round "3"]
[White "Lazarenko, Viktor"]
[Black "Dolgova, Tamara"]
[Result "1-0"]
[WhiteElo "2091"]
[BlackElo "1959"]
[PlyCount "93"]
[EventDate "2010.05.14"]
[EventType "swiss"]
[EventRounds "9"]
[EventCountry "RUS"]
[SourceTitle "EXT 2011"]
[Source "ChessBase"]
[SourceDate "2010.11.26"]
[SourceVersion "1"]
[SourceVersionDate "2010.11.26"]
[SourceQuality "1"]

1. e4 c5 2. Nf3 d6 3. d4 cxd4 4. Nxd4 a6 5. c4 g6 6. Nc3 Bg7 7. Be3 Nf6 8. Be2 0-0 9. 0-0 Nc6 10. Nb3 Nd7 11. Rc1 b6 12. Qd2 Nc5 13. Bh6 a5 14. Bxg7 Kxg7 15. Nd4 Bd7 16. Rfd1 Kg8 17. Nf3 Kg7 18. Qf4 Qe8 19. Nd5 Rb8 20. Nc7 Qd8 21. Nb5 f6 22. Qe3 Qc8 23. Nc3 Bg4 24. Nd5 Bxf3 25. Bxf3 Qe6 26. h3 f5 27. exf5 Qxe3 28. Nxe3 Ne5 29. Be2 gxf5 30. f4 Ng6 31. g3 Ne4 32. Kg2 e5 33. Nd5 Rf7 34. b3 Kh8 35. Kh2 Nf6 36. Ne3 Ne4 37. Ng2 exf4 38. gxf4 Rf6 39. Rd4 Rd8 40. Bf3 Nc5 41. Rcd1 Kg7 42. h4 Ne6 43. Rxd6 Rxd6 44. Rxd6 Ngxf4 45. Rxb6 Nxg2 46. Bxg2 f4 47. Rb7+ 1-0

[Event "Zhukovsky op"]
[Site "Zhukovsky"]
[Date "2010.??.??"]
[Round "9"]
[White "Lazarenko, Viktor"]
[Black "Zhukovsky, Viacheslav"]
[Result "1-0"]
[WhiteElo "2091"]
[BlackElo "2142"]
[PlyCount "83"]
[EventDate "2010.05.14"]
[EventType "swiss"]
[EventRounds "9"]
[EventCountry "RUS"]
[SourceTitle "EXT 2011"]
[Source "ChessBase"]
[SourceDate "2010.11.26"]
[SourceVersion "1"]
[SourceVersionDate "2010.11.26"]
[SourceQuality "1"]

1. e4 e6 2. d4 d5 3. Nc3 Nf6 4. e5 Nfd7 5. f4 g6 6. Nf3 Nb6 7. Be3 Bd7 8. Bd3 Nc6 9. a3 h5 10. 0-0 Na5 11. b3 Rc8 12. Qe1 a6 13. Ng5 Be7 14. Kh1 0-0 15. g4 Kg7 16. gxh5 Rh8 17. hxg6 fxg6 18. Qg3 Rh6 19. f5 exf5 20. e6 Bd6 21. Bf4 Bxf4 22. Qxf4 Be8 23. Rg1 Qf6 24. Rad1 Nc6 25. Nf3 Ne7 26. Ne2 a5 27. a4 c6 28. Ng3 Kh7 29. Ng5+ Kg7 30. Rg2 Na8 31. Rdg1 c5 32. Nf3 Kh7 33. dxc5 Rxc5 34. Nd4 Rh4 35. Qd6 b6 36. Ndxf5 Nxf5 37. Nxf5 Rh5 38. Ne7 d4 39. Nxg6 Bc6 40. Ne5+ Kh6 41. Nf7+ Qxf7 42. exf7# 1-0

[Event "Zhukovsky Rating-A 08"]
[Site "Zhukovsky"]
[Date "2009.08.14"]
[Round "6"]
[White "Lazarenko, Viktor"]
[Black "Fyodorova, Irina"]
[Result "1-0"]
[WhiteElo "2090"]
[BlackElo "1970"]
[PlyCount "103"]
[EventDate "2009.08.14"]
[EventType "swiss"]
[EventRounds "7"]
[EventCountry "RUS"]
[SourceTitle "EXT 2022"]
[Source "ChessBase"]
[SourceDate "2021.10.06"]
[SourceVersion "1"]
[SourceVersionDate "2021.10.06"]
[SourceQuality "1"]

1. e4 c6 2. d4 d5 3. exd5 cxd5 4. Bd3 Nc6 5. c3 e5 6. dxe5 Nxe5 7. Qe2 Qe7 8. Bb5+ Nc6 9. Be3 Nf6 10. Nf3 g6 11. 0-0 Bg7 12. Bc5 Qxe2 13. Bxe2 Ne4 14. Ba3 Be6 15. Nbd2 Nxd2 16. Nxd2 0-0-0 17. Rac1 Rhe8 18. Bb5 Bd7 19. Bc5 Kb8 20. Rfd1 Bh6 21. Ra1 Bg4 22. f3 Bf5 23. Nf1 a6 24. Ba4 Rd7 25. g4 Be6 26. Ng3 Kc7 27. Kg2 b5 28. Bc2 Ne5 29. a4 Rb8 30. axb5 Rxb5 31. b4 Rb7 32. Rxa6 Nc6 33. Ne2 Nb8 34. Ra3 Bg7 35. Rb1 Rd8 36. Nd4 Bd7 37. Bd3 Bxd4 38. Bxd4 Bb5 39. Bxb5 Rxb5 40. Ra7+ Rb7 41. Rxb7+ Kxb7 42. Ra1 Nc6 43. Bc5 Re8 44. b5 Nd8 45. Ra7+ Kc8 46. Kf2 Nb7 47. Bd4 Kb8 48. Ra6 Re7 49. Rc6 Rd7 50. Be5+ Nd6 51. Bxd6+ Kb7 52. Be5 1-0

[Event "Zhukovsky Rating-A 08"]
[Site "Zhukovsky"]
[Date "2009.08.14"]
[Round "3"]
[White "Titov, Sergo"]
[Black "Lazarenko, Viktor"]
[Result "0-1"]
[WhiteElo "1906"]
[BlackElo "2090"]
[PlyCount "56"]
[EventDate "2009.08.14"]
[EventType "swiss"]
[EventRounds "7"]
[EventCountry "RUS"]
[SourceTitle "EXT 2022"]
[Source "ChessBase"]
[SourceDate "2021.10.06"]
[SourceVersion "1"]
[SourceVersionDate "2021.10.06"]
[SourceQuality "1"]

1. d4 Nf6 2. Nf3 g6 3. g3 b6 4. Bg2 Bb7 5. c4 Bg7 6. Nc3 d6 7. 0-0 0-0 8. Bg5 Ne4 9. Ne1 Nxc3 10. bxc3 Bxg2 11. Kxg2 h6 12. Be3 Qd7 13. Qd3 Nc6 14. f4 Na5 15. Nf3 Qc6 16. c5 dxc5 17. d5 Qb7 18. f5 g5 19. Rab1 Rad8 20. c4 c6 21. Rfd1 cxd5 22. cxd5 Qc7 23. h4 g4 24. Nh2 h5 25. Bf4 Be5 26. Bh6 Rfe8 27. f6 Bxf6 28. Qf5 Qe5 0-1

[Event "Zhukovsky op-A 05"]
[Site "Zhukovsky"]
[Date "2009.05.??"]
[Round "8"]
[White "Lazarenko, Viktor"]
[Black "Batalov, Vadim"]
[Result "1/2-1/2"]
[WhiteElo "2090"]
[BlackElo "2090"]
[PlyCount "63"]
[EventDate "2009.05.??"]
[EventType "swiss"]
[EventRounds "9"]
[EventCountry "RUS"]
[SourceTitle "EXT 2012"]
[Source "ChessBase"]
[SourceDate "2011.11.24"]
[SourceVersion "1"]
[SourceVersionDate "2011.11.24"]
[SourceQuality "1"]

1. e4 c5 2. Nf3 Nc6 3. d4 cxd4 4. Nxd4 e6 5. Nb5 a6 6. Nd6+ Bxd6 7. Qxd6 Nge7 8. Bd3 0-0 9. 0-0 f5 10. Nc3 fxe4 11. Bxe4 Nf5 12. Bxf5 Rxf5 13. Be3 Qh4 14. f4 b5 15. a3 Na5 16. b3 Rh5 17. f5 Nb7 18. Qf4 Qxf4 19. Rxf4 Rxf5 20. Rxf5 exf5 21. Nd5 Nd8 22. Ne7+ Kf7 23. Nxf5 Ne6 24. Rd1 g6 25. Nh6+ Kg7 26. Ng4 Kf7 27. Bc1 Ra7 28. Bb2 Rc7 29. Rf1+ Ke7 30. Bf6+ Ke8 31. c3 d6 32. Ne3 1/2-1/2

[Event "Zhukovsky op-A 05"]
[Site "Zhukovsky"]
[Date "2009.05.??"]
[Round "2"]
[White "Lazarenko, Viktor"]
[Black "Chumurin, Aleksandr"]
[Result "1-0"]
[WhiteElo "2090"]
[BlackElo "1897"]
[PlyCount "120"]
[EventDate "2009.05.??"]
[EventType "swiss"]
[EventRounds "9"]
[EventCountry "RUS"]
[SourceTitle "EXT 2012"]
[Source "ChessBase"]
[SourceDate "2011.11.24"]
[SourceVersion "1"]
[SourceVersionDate "2011.11.24"]
[SourceQuality "1"]

1. e4 d6 2. d4 Nf6 3. Nc3 g6 4. g3 Bg7 5. Bg2 Nbd7 6. Nge2 c5 7. dxc5 Nxc5 8. 0-0 Ng4 9. f4 h5 10. h3 Nh6 11. Be3 Nd7 12. Qd2 Nb6 13. b3 h4 14. g4 Nxg4 15. hxg4 Bxg4 16. Kh2 Bxe2 17. Nxe2 Bxa1 18. Rxa1 h3 19. Bf3 Nd7 20. Bxa7 Rxa7 21. Qd4 e5 22. Qxa7 exf4 23. Qf2 Ne5 24. Rg1 Qh4 25. Rf1 Qxf2+ 26. Rxf2 g5 27. Kh1 g4 28. Bxg4 Nxg4 29. Rxf4 Rg8 30. Ng1 Ne3 31. Rf3 h2 32. Kxh2 Ng4+ 33. Kh1 Ne5 34. Re3 Kd8 35. Nh3 Rg4 36. a4 Kc7 37. Kh2 Rg6 38. Re2 Nf3+ 39. Kh1 Rg3 40. Re3 Kb6 41. b4 Rxh3+ 42. Kg2 Rh2+ 43. Kxf3 Rxc2 44. Rd3 Rc4 45. Rxd6+ Kc7 46. Rf6 Rxb4 47. Rxf7+ Kd6 48. a5 Ke5 49. Rf5+ Ke6 50. Rh5 Rb1 51. Ke3 Re1+ 52. Kd4 Rd1+ 53. Kc5 Rb1 54. Rd5 Rb2 55. Rd4 Ra2 56. Kb5 Ke5 57. Rb4 Rd2 58. Kb6 Ra2 59. Rb5+ Kxe4 60. Kxb7 Rg2 1-0

[Event "Zhukovsky op-A 05"]
[Site "Zhukovsky"]
[Date "2009.05.??"]
[Round "9"]
[White "Lazarenko, Viktor"]
[Black "Zhukovsky, Viacheslav"]
[Result "0-1"]
[WhiteElo "2090"]
[BlackElo "2151"]
[PlyCount "85"]
[EventDate "2009.05.??"]
[EventType "swiss"]
[EventRounds "9"]
[EventCountry "RUS"]
[SourceTitle "EXT 2012"]
[Source "ChessBase"]
[SourceDate "2011.11.24"]
[SourceVersion "1"]
[SourceVersionDate "2011.11.24"]
[SourceQuality "1"]

1. e4 e6 2. d4 d5 3. Nc3 Nf6 4. Bg5 Be7 5. e5 Nfd7 6. h4 h6 7. Bxe7 Qxe7 8. Qg4 Qf8 9. f4 h5 10. Qg3 g6 11. 0-0-0 a6 12. Nf3 Nc6 13. Ng5 Nb6 14. Qf2 Bd7 15. Be2 0-0-0 16. g4 f6 17. Nh3 hxg4 18. Bxg4 Qe7 19. Ng1 Nc4 20. Be2 N6a5 21. a3 Rdf8 22. Qg3 fxe5 23. dxe5 Qc5 24. Bxc4 Nxc4 25. Rd3 d4 26. Nce2 Qd5 27. Rh2 c5 28. c3 Ne3 29. cxd4 Nf1 30. Qf2 Nxh2 31. Qxh2 cxd4 32. Rxd4 Qc5+ 33. Kb1 Bc6 34. Qf2 Qe7 35. Rc4 Kb8 36. Nf3 Rd8 37. Nfd4 Bd5 38. Rc1 Qxh4 39. Qe3 Qh3 40. Qd2 Qg2 41. Rg1 Qe4+ 42. Ka1 Bc4 43. Qb4 0-1

[Event "Zhukovsky op-A"]
[Site "Zhukovsky"]
[Date "2009.01.??"]
[Round "6"]
[White "Andreev, Gennadiy"]
[Black "Lazarenko, Viktor"]
[Result "1/2-1/2"]
[WhiteElo "2090"]
[BlackElo "2090"]
[PlyCount "194"]
[EventDate "2009.01.??"]
[EventType "swiss"]
[EventRounds "7"]
[EventCountry "RUS"]
[SourceTitle "EXT 2012"]
[Source "ChessBase"]
[SourceDate "2011.11.24"]
[SourceVersion "1"]
[SourceVersionDate "2011.11.24"]
[SourceQuality "1"]

1. e4 c5 2. Nf3 d6 3. d4 cxd4 4. Nxd4 Nf6 5. Nc3 g6 6. Be2 Bg7 7. Be3 0-0 8. 0-0 Nc6 9. h3 Bd7 10. Qd2 a6 11. a4 Rc8 12. f4 Na5 13. e5 Ne8 14. Nf3 Nc4 15. Bxc4 Rxc4 16. Nd5 Rc6 17. a5 Be6 18. Nb4 Rc8 19. Bb6 Qd7 20. Rad1 Bc4 21. Rfe1 Be6 22. b3 f6 23. Qe3 fxe5 24. fxe5 Bf5 25. c4 Qe6 26. Nd5 Kh8 27. Bd4 h6 28. Nf4 Qg8 29. g4 Bc2 30. Rc1 Rxf4 31. Qxf4 Bxb3 32. Nh4 Kh7 33. Qe4 Qe6 34. exd6 Qxd6 35. Bf2 e5 36. Re3 Ba4 37. c5 Qc6 38. Nf3 Nf6 39. Qxc6 Bxc6 40. Nxe5 Nd5 41. Ree1 Nf4 42. Nxc6 Nxh3+ 43. Kg2 Nxf2 44. Ne7 Rf8 45. Re6 Nd3 46. Nxg6 Nxc1 47. Nxf8+ Bxf8 48. c6 bxc6 49. Rxc6 Nb3 50. Rxa6 Nxa5 51. Rxa5 Kg6 52. Rh5 Be7 53. Kf3 Bg5 54. Ke4 Kf6 55. Rh1 Bd2 56. Rd1 Bb4 57. Rb1 Bd2 58. Rb2 Ba5 59. Rb5 Bd2 60. Re5 Bc1 61. Rh5 Bg5 62. Kd5 Kg6 63. Ke6 Bc1 64. Ke7 Bg5+ 65. Kf8 Bc1 66. Ke7 Bg5+ 67. Ke6 Bc1 68. Ke5 Bd2 69. Ke4 Bc1 70. Rh1 Ba3 71. Rd1 Kg5 72. Kf3 Bb2 73. Rd6 Ba3 74. Ra6 Bb4 75. Rb6 Bd2 76. Rd6 Bb4 77. Rd4 Ba3 78. Rd5+ Kg6 79. Rb5 Bc1 80. Ke4 Ba3 81. Ra5 Bc1 82. Ra1 Bd2 83. Rd1 Bb4 84. Kf4 Ba3 85. Kg3 Bb2 86. Rd6+ Kg5 87. Kf3 Bc1 88. Rd1 Ba3 89. Rd5+ Kg6 90. Ke4 Bb2 91. Rc5 Ba3 92. Rh5 Bc1 93. Rc5 Ba3 94. Rc6+ Kg5 95. Rc8 Kf6 96. Rg8 Bc1 97. Rc8 Ba3 1/2-1/2

[Event "Zhukovsky Elo-C"]
[Site "Zhukovsky"]
[Date "2008.01.19"]
[Round "8"]
[White "Gavrilenko, Viktor"]
[Black "Lazarenko, Viktor"]
[Result "0-1"]
[WhiteElo "2013"]
[BlackElo "2089"]
[PlyCount "110"]
[EventDate "2008.01.02"]
[EventType "tourn"]
[EventRounds "9"]
[EventCountry "RUS"]
[SourceTitle "EXT 2010"]
[Source "ChessBase"]
[SourceDate "2010.11.25"]
[SourceVersion "1"]
[SourceVersionDate "2010.11.25"]
[SourceQuality "1"]

1. d4 d5 2. c4 dxc4 3. Nc3 Nf6 4. e4 e5 5. d5 Bd6 6. Bxc4 0-0 7. Bg5 a6 8. a4 Nbd7 9. Rb1 Qe7 10. Nge2 Bb4 11. 0-0 Qd6 12. Kh1 h6 13. Bh4 Nb6 14. Qd3 Nh5 15. Na2 Bd7 16. b3 f5 17. f3 Kh7 18. Rfd1 g5 19. Bf2 fxe4 20. Qe3 exf3 21. Bd3+ Kg7 22. Nxb4 fxe2 23. Bxe2 Nf4 24. Nd3 Rae8 25. Nxf4 exf4 26. Qd4+ Kg8 27. Bh5 Re5 28. Qc3 Nxd5 29. Qc4 b5 30. axb5 axb5 31. Qd4 c6 32. Ra1 Qf6 33. Bf3 Be6 34. Ra7 Ne3 35. Rda1 Nc2 36. Qd3 Bf5 37. Qc3 Nxa1 38. Bd4 Rfe8 39. h3 Nc2 40. Bxe5 Qxe5 41. Qxe5 Rxe5 42. Bxc6 Nd4 43. Ra6 Re1+ 44. Kh2 Ne2 45. Ra8+ Kf7 46. Re8 Rc1 47. Rxe2 Rxc6 48. Re5 Bd3 49. Rd5 Rc3 50. b4 Bc4 51. Rd6 Kg7 52. Rd7+ Kg6 53. Rd6+ Kh5 54. Rc6 Rc2 55. Kg1 Rxg2+ 0-1

[Event "Zhukovsky Elo-C"]
[Site "Zhukovsky"]
[Date "2008.01.06"]
[Round "5"]
[White "Lazarenko, Viktor"]
[Black "Rubakov, Anatoly"]
[Result "0-1"]
[WhiteElo "2089"]
[BlackElo "1905"]
[PlyCount "80"]
[EventDate "2008.01.02"]
[EventType "tourn"]
[EventRounds "9"]
[EventCountry "RUS"]
[SourceTitle "EXT 2010"]
[Source "ChessBase"]
[SourceDate "2010.11.25"]
[SourceVersion "1"]
[SourceVersionDate "2010.11.25"]
[SourceQuality "1"]

1. e4 e6 2. d4 d5 3. Nc3 Nf6 4. Bg5 Be7 5. e5 Nfd7 6. Bxe7 Qxe7 7. f4 a6 8. Nf3 c5 9. dxc5 Qxc5 10. Qd4 Nc6 11. Qxc5 Nxc5 12. a3 b5 13. Na2 0-0 14. Nb4 Bb7 15. Nxc6 Bxc6 16. Nd4 Rfc8 17. Be2 Bd7 18. 0-0 Na4 19. Rab1 Nc5 20. g4 Ne4 21. Rbd1 g6 22. c3 Rab8 23. Bd3 Nc5 24. Bb1 a5 25. Nc2 Na4 26. Rd3 Nxb2 27. Rg3 Na4 28. Rff3 Rc7 29. Nd4 b4 30. cxb4 axb4 31. Bc2 Nc3 32. axb4 Ne2+ 33. Nxe2 Rxc2 34. Nd4 Rc4 35. Ne2 Rbxb4 36. Rb3 Bb5 37. Kf2 Re4 38. Rxb4 Rxb4 39. Rf3 Rb2 40. Re3 d4 0-1

[Event "Zhukovsky Elo-C"]
[Site "Zhukovsky"]
[Date "2008.01.03"]
[Round "2"]
[White "Ivanov, Egor"]
[Black "Lazarenko, Viktor"]
[Result "1/2-1/2"]
[WhiteElo "2037"]
[BlackElo "2089"]
[PlyCount "60"]
[EventDate "2008.01.02"]
[EventType "tourn"]
[EventRounds "9"]
[EventCountry "RUS"]
[SourceTitle "EXT 2010"]
[Source "ChessBase"]
[SourceDate "2010.11.25"]
[SourceVersion "1"]
[SourceVersionDate "2010.11.25"]
[SourceQuality "1"]

1. e4 e5 2. Nf3 Nf6 3. Nxe5 d6 4. Nf3 Nxe4 5. d4 d5 6. Bd3 Nc6 7. 0-0 Be7 8. Re1 Nf6 9. Bf4 0-0 10. Nbd2 Bg4 11. c3 Re8 12. Qb3 Na5 13. Qc2 h6 14. Ne5 Be6 15. h3 Nc6 16. Nxc6 bxc6 17. Nf3 Bd6 18. Qd2 Bxf4 19. Qxf4 Qd6 20. Qh4 Rab8 21. Re2 Bd7 22. Ne5 c5 23. Rae1 cxd4 24. cxd4 Be6 25. Rc1 Rb6 26. Rec2 Rc8 27. b3 c6 28. Rc5 Nd7 29. Nxd7 Bxd7 30. Qg3 Qxg3 1/2-1/2

[Event "Zhukovsky op"]
[Site "Zhukovsky"]
[Date "2008.??.??"]
[Round "6"]
[White "Belyaev, Oleg"]
[Black "Lazarenko, Viktor"]
[Result "1/2-1/2"]
[WhiteElo "2072"]
[BlackElo "2124"]
[PlyCount "51"]
[EventDate "2008.08.22"]
[EventType "swiss"]
[EventRounds "9"]
[EventCountry "RUS"]
[SourceTitle "CBM 126 Extra"]
[Source "ChessBase"]
[SourceDate "2008.11.05"]
[SourceVersion "1"]
[SourceVersionDate "2008.11.05"]
[SourceQuality "1"]

1. e4 e5 2. d4 exd4 3. c3 dxc3 4. Bc4 d6 5. Qb3 Qd7 6. Nxc3 Nc6 7. Qd1 Nf6 8. Nf3 Ne5 9. Nxe5 dxe5 10. Qb3 Bd6 11. Bg5 0-0 12. Bxf6 gxf6 13. Nd5 Kg7 14. h3 Qd8 15. Qg3+ Kh8 16. Qf3 Kg7 17. 0-0-0 Be6 18. Ne3 Qe7 19. Rd3 Bc5 20. Bxe6 fxe6 21. Rhd1 Rad8 22. Qg4+ Kh8 23. Rxd8 Rxd8 24. Rxd8+ Qxd8 25. Qxe6 Bxe3+ 26. fxe3 1/2-1/2

[Event "Zhukovsky Cup"]
[Site "Zhukovsky"]
[Date "2008.??.??"]
[Round "3"]
[White "Brekhov, Nikolay"]
[Black "Lazarenko, Viktor"]
[Result "1/2-1/2"]
[WhiteElo "2223"]
[BlackElo "2089"]
[PlyCount "129"]
[EventDate "2008.04.21"]
[EventType "swiss"]
[EventRounds "9"]
[EventCountry "RUS"]
[SourceTitle "EXT 2022"]
[Source "ChessBase"]
[SourceDate "2021.10.06"]
[SourceVersion "1"]
[SourceVersionDate "2021.10.06"]
[SourceQuality "1"]

1. c4 Nf6 2. Nf3 c5 3. d4 cxd4 4. Nxd4 b6 5. f3 e6 6. e4 Nxe4 7. fxe4 Qh4+ 8. Kd2 Qxe4 9. Nf3 Bc5 10. Qe1 Qf5 11. Bd3 Qg4 12. Qg3 Qxg3 13. hxg3 Bb7 14. Ke2 Nc6 15. Be3 Be7 16. Nbd2 Bf6 17. Rab1 Nb4 18. a3 Nxd3 19. Kxd3 Rc8 20. Bd4 d6 21. b3 e5 22. Ba1 Be7 23. g4 f6 24. Rh2 0-0 25. Rbh1 h6 26. Nh4 d5 27. Nf5 dxc4+ 28. Nxc4 Rfd8+ 29. Ke2 Bf8 30. a4 a6 31. Rd1 Rxd1 32. Kxd1 b5 33. axb5 axb5 34. Nce3 Be4 35. Bb2 Bb4 36. Ke2 Rd8 37. Bc1 Rd3 38. Rh1 Rxb3 39. Rd1 Bf8 40. Rd8 Bb1 41. Nd5 Kf7 42. Nc7 Rc3 43. Rd7+ Kg8 44. Bd2 Rc4 45. Ne3 Rd4 46. Ncd5 Be4 47. Bc3 Ra4 48. Rb7 Bxd5 49. Nxd5 Rxg4 50. Kf3 Rc4 51. Rxb5 Rc5 52. Rxc5 Bxc5 53. Kg4 Kf7 54. Kh5 Bf8 55. g4 Ba3 56. Bd2 g6+ 57. Kh4 Kg7 58. Kg3 f5 59. Bc3 Bd6 60. Kf3 Kf7 61. Bb4 e4+ 62. Ke3 Be5 63. gxf5 gxf5 64. Nc3 Bxc3 65. Bxc3 1/2-1/2

[Event "Zhukovsky op"]
[Site "Zhukovsky"]
[Date "2008.??.??"]
[Round "1"]
[White "Lazarenko, Viktor"]
[Black "Fyodorova, Irina"]
[Result "1/2-1/2"]
[WhiteElo "2124"]
[BlackElo "1971"]
[PlyCount "88"]
[EventDate "2008.08.22"]
[EventType "swiss"]
[EventRounds "9"]
[EventCountry "RUS"]
[SourceTitle "CBM 126 Extra"]
[Source "ChessBase"]
[SourceDate "2008.11.05"]
[SourceVersion "1"]
[SourceVersionDate "2008.11.05"]
[SourceQuality "1"]

1. e4 c6 2. d4 d5 3. Nc3 dxe4 4. Nxe4 Bf5 5. Ng3 Bg6 6. Nf3 Nd7 7. h4 h6 8. h5 Bh7 9. Bd3 Bxd3 10. Qxd3 Qc7 11. Be3 e6 12. 0-0-0 Ngf6 13. Ne4 Nxe4 14. Qxe4 Nf6 15. Qd3 Bd6 16. g3 0-0-0 17. Qe2 c5 18. Kb1 a6 19. Nd2 Nd5 20. dxc5 Bxc5 21. Bxc5 Qxc5 22. Rh4 Nb6 23. Ne4 Qc6 24. Rhh1 Rd5 25. Nc3 Ra5 26. Rh4 Rd8 27. Rhd4 Rxd4 28. Rxd4 Nd5 29. Ne4 Qb6 30. Rc4+ Kb8 31. Nd2 Nb4 32. Qf3 Rf5 33. Rf4 Rd5 34. a3 Rxd2 35. axb4 Qc7 36. c3 Rd7 37. Kc2 e5 38. Rg4 f6 39. Qe2 Qc6 40. Rc4 Qa4+ 41. Kc1 Qa1+ 42. Kc2 Qa4+ 43. Kc1 Qa1+ 44. Kc2 Qa4+ 1/2-1/2